<?xml version="1.0" encoding="UTF-8"?><?xml-stylesheet type="text/xsl" href="static/style.xsl"?><OAI-PMH xmlns="http://www.openarchives.org/OAI/2.0/" xmlns:xsi="http://www.w3.org/2001/XMLSchema-instance" xsi:schemaLocation="http://www.openarchives.org/OAI/2.0/ http://www.openarchives.org/OAI/2.0/OAI-PMH.xsd"><responseDate>2026-04-17T05:50:59Z</responseDate><request verb="GetRecord" identifier="oai:www.recercat.cat:2072/441410" metadataPrefix="marc">https://recercat.cat/oai/request</request><GetRecord><record><header><identifier>oai:recercat.cat:2072/441410</identifier><datestamp>2024-10-31T05:16:06Z</datestamp><setSpec>com_2072_98</setSpec><setSpec>col_2072_378192</setSpec></header><metadata><record xmlns="http://www.loc.gov/MARC21/slim" xmlns:dcterms="http://purl.org/dc/terms/" xmlns:xsi="http://www.w3.org/2001/XMLSchema-instance" xmlns:doc="http://www.lyncode.com/xoai" xsi:schemaLocation="http://www.loc.gov/MARC21/slim http://www.loc.gov/standards/marcxml/schema/MARC21slim.xsd">
   <leader>00925njm 22002777a 4500</leader>
   <datafield ind2=" " ind1=" " tag="042">
      <subfield code="a">dc</subfield>
   </datafield>
   <datafield ind2=" " ind1=" " tag="720">
      <subfield code="a">Bayés, Àlex</subfield>
      <subfield code="e">author</subfield>
   </datafield>
   <datafield ind2=" " ind1=" " tag="720">
      <subfield code="a">Universitat Autònoma de Barcelona</subfield>
      <subfield code="e">author</subfield>
   </datafield>
   <datafield ind2=" " ind1=" " tag="260">
      <subfield code="c">2018</subfield>
   </datafield>
   <datafield ind2=" " ind1=" " tag="520">
      <subfield code="a">Altres ajuts: Financial support was from Spanish grants ref. BFU2012-34398, BFU2015-69717-P (partially funded by FEDER funds of the EU), Ramón y Cajal Fellowship, ref. RYC-2011-08391 and from the European FP People: Marie Curie Action: Career Integration Grant, ref. 304111. Support was also obtained from the CERCA Programme/Generalitat de Catalunya.</subfield>
   </datafield>
   <datafield ind2=" " ind1=" " tag="520">
      <subfield code="a">Neurotransmitter diseases are a well-defined group of metabolic conditions caused, in most instances, by genes specifically expressed in the presynaptic button. Better understanding of presynaptic molecular physiology, both in normal and pathological conditions, should help develop therapeutical strategies. The clinical relevance of the presynapse in inherited metabolic disorders is in glaring contrast with that of the postsynaptic component, which so far does not seem to play a relevant role in these disorders. This is somewhat surprising, as postsynaptic proteins are known to be involved in many nervous system diseases, particularly in neurodevelopmental and psychiatric disorders. The goal of this article is to explore if defects in the sophisticated postsynaptic machinery could also have a role in neurometabolic disorders.</subfield>
   </datafield>
   <datafield ind2="0" ind1="0" tag="245">
      <subfield code="a">Setting the stage for a role of the postsynaptic proteome in inherited neurometabolic disorders</subfield>
   </datafield>
</record></metadata></record></GetRecord></OAI-PMH>